000 00664nam a2200193Ia 4500
008 0000002001 usad 0000000000eng00
090 _aPUA00 Y17y
245 1 0 _aYasmine Chatila
_b: getting closer to farther away
300 _a[16] p.
_c/ 22 cm.
500 _aIncluye cronología del artista \ Registro auspiciado por la FGAA. Bogotá
600 0 0 _aCHATILA, YASMINE, 1974/
_xTRABAJOS PICTORICOS
650 1 4 _aACUARELA
650 1 4 _aARTE CONTEMPORANEO EGIPCIO
650 1 4 _aARTISTAS PLASTICOS EGIPCIOS
650 1 4 _xCATALOGOS
650 1 4 _aPINTORES EGIPCIOS
650 1 4 _aPINTURA EGIPCIA
999 _c10724
_d10724
260 _aNew York : Egizio's Projects
_c2001